000 00477nam a22001577a 4500
008 230420b |||||||| |||| 00| 0 eng d
040 _aNational Science Library
_cNational Science Library
080 _a666.7
_bJ0
100 _aRait, J R
_97038
245 _aBasic refractories:
_bTheir chemistry and their performance
260 _aLondon:
_bIliffe & Sons, Ltd.,
_c1950
300 _a408p.
650 _aChemical technology
653 _aMagnesite
942 _2udc
_cREF
999 _c21819
_d21819